Praha : Průvodce. Informace. Fakta

Saved in:
Bibliographic Details
Main Author: Rybár, Ctibor (Author)
Format: Book
Language:Czech
Published: Praha : Olympia, 1985
Subjects:
Tags: Add Tag
No Tags, Be the first to tag this record!

MARC

LEADER 00000nam a22000003a 4500
001 stu9548
005 20150617225804.6
008 970423s1985----cs------------------cze-d
040 |a STU  |b slo 
041 0 |a cze 
044 |a cs 
080 |a 908.437.10 
100 1 |a Rybár, Ctibor  |4 aut 
245 1 |a Praha :  |b Průvodce. Informace. Fakta 
260 |a Praha :  |b Olympia,  |c 1985 
300 |a 429 s 
650 7 |a príručka  |2 stusub 
996 |b 284EK07018  |c E*60527  |l EE0101  |s P  |a 0  |w stu9548_0001